Австрия (Запис номер 98650)
[ съкратено ]
| 000 -Лидер | |
|---|---|
| Контролно поле с фиксирана дължина | 01571nam a2200337 c 4500 |
| 003 - Код на организацията, давaща контролен номер | |
| Контролно поле | BLK |
| 005 - Дата и час на последна редакция | |
| Контролно поле | 20240405005332.0 |
| 008 - Елементи от данни с фиксирана дължина | |
| fixed length control field | 180409b bul|||||r ||||||| ||bul|| |
| 010 ## - Наследен системен номер | |
| LC control number | KNG00103598000 |
| 020 ## - Международен стандартен номер на книга ISBN | |
| Международен стандартен номер на книга ISBN | 954-9541-63-0 |
| -- | издат.: Faber |
| 040 ## - Източник на каталожния запис | |
| Идентификатор на билиотеката - собственик на записа | BLK |
| 041 ## - Код за език | |
| Код за езика на текст/звукозапис или на отделно заглавие | Български |
| Код за езика КДБФ | Български |
| 080 ## - УДК | |
| Текстов определител УДК | Социография. Социално положение. Условия на политическия и социалния живот. Социално и социално-икономическо положение на отделните страни, народи, раси. Социална география. (Общи въпроси) |
| УДК код - определител по УДК | 308 |
| УДК определител | (436) |
| УДК - код + определител | 308(436) |
| 100 1# - Редна дума - Автор | |
| Автор | Пенков, Игнат Игнатов |
| Авторска отговорност | първи автор |
| R(LIN) | 369605 |
| 139 ## - Редно поле | |
| Редна дума | Пенков, Игнат Игнатов и др. |
| Авторски знак | Пенк - П 35 |
| 245 10 - Сведения за заглавието | |
| Заглавие | Австрия |
| Подзаглавни данни | Държава в сърцето на Европа - страна алпийска, страна дунавска |
| Редно поле (дума) | Игнат Игнатов Пенков; съавт. Васил Дойков. |
| 257 ## - Страна на издаване | |
| Страна на създаване/издаване | България |
| 260 ## - Област на издателските данни | |
| -- | В. Търново |
| Име на издателя, разпространителя и проч. | Faber |
| Година на издаване | 2000 |
| 300 ## - Физическа характеристика | |
| Страници | 100 с. |
| Размери/Мащаб | 20 см |
| 380 ## - Жанр | |
| Жанр | Обществени науки |
| 500 ## - Общи забележки | |
| Забележка | Офс. изд. |
| 650 #4 - Допълнително описание по предмет – тема | |
| Основно описание – тема или топоним | Австрия |
| 9 (RLIN) | 245450 |
| 653 ## - Ключова дума – ненормативна | |
| Ключова дума | Австрия |
| 700 ## - Други автори (авторска отговорност) | |
| Лично име | Дойков, Васил Георгиев |
| Друга информация | Географ, краевед, писател |
| Дати, свързани с автора | 1930-2018 |
| 9 (RLIN) | 364377 |
| 852 ## - Местоположение | |
| Форматна сигнатура | Цб 212857 |
| 856 4# - Електронен адрес и достъп | |
| Електронен формат | pdf - файл |
| Път до файла /url/ | |
| 856 4# - Електронен адрес и достъп | |
| Електронен формат | pdf - файл |
| Път до файла /url/ | |
| 942 ## - АРТИКУЛИ | |
| Вид на библиотечния материал | Книги |
| Скрит в OPAC | Не |
| 944 ## - СЪЗДАВАНЕ И РЕДАКЦИЯ на ЗАПИСА | |
| Създаване/Редакция | Създаване |
| Дата на регистрацията/редакция | 01.01.2000 |
| Служител, извършил регистрацията/редакцията | |
| Статус, дата на статуса | CRON CRON |
| 944 ## - СЪЗДАВАНЕ И РЕДАКЦИЯ на ЗАПИСА | |
| Създаване/Редакция | Редакция |
| Дата на регистрацията/редакция | 03.02.2004 |
| Служител, извършил регистрацията/редакцията | |
| 999 ## - СИСТЕМНИ КОНТРОЛНИ НОМЕРА | |
| Koha biblionumber | 98650 |
| Koha biblioitemnumber | 98650 |
| Код за отписване | Код за изгубен артикул | Код за повреда | Коз за рестрикции | Код за отдаване | Артикулен № | Име на библиотеката - собственик | Име на библиотеката, в която се намира в момента | Статус (Текущо местоположение) | Дата на вписване в системата | Местоположение - отдел | Цена в лева | Инвентарен номер | Систематично азбучна сигнатура | Баркод | Номер на екземпляра | Цена в евро | Служебна бележка | Служебен тип на артикула |
|---|---|---|---|---|---|---|---|---|---|---|---|---|---|---|---|---|---|---|
| Не е изгубен | Не е повреден | без рестрикции | ползва се в читалня | 158682 | Регионална библиотека "Любен Каравелов" Русе | Регионална библиотека "Любен Каравелов" Русе | Читалня | 2002-10-07 | Читалня | 3.50 | 120000672739 | Ч 308(4)/П 35 | 120000672739 | 1 | 1.79 | Дост: Pk Вид: Ф N: 11066 Дата: 04.10.2002 Дата инв: 30.03.2017 Бележки инв: Ч2017 | Книги | |
| Не е изгубен | Не е повреден | без рестрикции | заемане за дома | 158683 | Регионална библиотека "Любен Каравелов" Русе | Регионална библиотека "Любен Каравелов" Русе | Заемна - подръчен фонд | 2004-01-30 | Заемна - подръчен фонд | 3.50 | 120000682203 | П 308(4)/П 35 | 120000682203 | 2 | 1.79 | Дост: DA Вид: А N: 2 Дата: 28.01.2004 Дата инв: 02.02.2018 Бележки инв: П2018 | Книги |